Manifiesto del 1° de mayo de 1980 -CNUS-
Guardado en:
| 企業作者: | |
|---|---|
| 格式: | Texto |
| 出版: |
San José:
Frente Democrático contra la Represión
|
| 標簽: |
添加標簽
沒有標簽, 成為第一個標記此記錄!
|
MARC
| LEADER | 00000 a a2200000 04500 | ||
|---|---|---|---|
| 001 | 15507 | ||
| 003 | |||
| 040 | |a CRAI/IIS |c CRAI/IIS | ||
| 090 | |a 019100 | ||
| 110 | |a FDCR. Comité Nacional de Unidad Sindical (Guatemala) | ||
| 245 | |a Manifiesto del 1° de mayo de 1980 -CNUS- | ||
| 260 | |a San José: |b Frente Democrático contra la Represión | ||
| 300 | |a 7 p. | ||
| 999 | |c 16944 |d 16944 | ||
